Т. 79 (121), вып. 1 (5); Математический сборник. Новая серия

Dades bibliogràfiques
Parent link:Математический сборник. Новая серия: научный журнал/ Академия наук СССР (АН СССР). Т. 79 (121), вып. 1 (5).— , 1936-1944, 1946-1988
Idioma:rus
Publicat: 1969
Format: Llibre
KOHA link:https://koha.lib.tpu.ru/cgi-bin/koha/opac-detail.pl?biblionumber=512967

MARC

LEADER 00000nam2a2200000 4500
001 512967
005 20231101104710.0
035 |a (RuTPU)RU\TPU\prd\189825 
035 |a RU\TPU\prd\189821 
090 |a 512967 
100 |a 20130712a19699999k y0rusy50 ca 
101 0 |a rus 
102 |a RU 
200 0 |a Т. 79 (121), вып. 1 (5) 
210 |d 1969 
461 1 |0 (RuTPU)RU\TPU\prd\828  |t Математический сборник. Новая серия  |o научный журнал  |f Академия наук СССР (АН СССР)  |v Т. 79 (121), вып. 1 (5)  |d 1936-1944, 1946-1988 
801 0 |a RU  |b 63413507  |c 20010227  |g PSBO 
801 1 |a RU  |b 63413507  |c 20130318 
801 2 |a RU  |b 63413507  |c 20130712  |g RCR 
942 |c BK 
999 |a НТБ_ТПУ  |b НФ  |e -4/20130109  |p П-5083  |u 0,00  |v 1  |x 30948